Countries Ozzy Osbourne has visited - Statistics

General Stats
  • This quiz has been taken 87 times
    27 since last reset
  • The average score is 35 of 42
Answer Stats
Continent Country % Correct
Europe Belgium
100%
Europe United Kingdom
100%
South America Argentina
95%
South America Brazil
95%
North America Canada
95%
Europe France
95%
Europe Germany
95%
Europe Italy
95%
North America Mexico
95%
Europe the Netherlands
95%
North America United States of America
95%
Oceania Australia
90%
Europe Ireland
90%
Asia Japan
90%
Europe Poland
90%
Europe Portugal
90%
Europe Austria
86%
South America Chile
86%
South America Colombia
86%
Europe Czech Republic
86%
Europe Finland
86%
Europe Greece
86%
Oceania New Zealand
86%
Asia/ Europe Russia
86%
Europe Spain
86%
Europe Sweden
86%
Europe Norway
81%
South America Peru
81%
Europe Switzerland
81%
Asia/ Europe Turkey
81%
North America Cuba
76%
Europe Denmark
76%
South America Ecuador
76%
Europe Estonia
76%
Europe Lithuania
76%
Europe Latvia
71%
Europe Romania
71%
Europe Hungary
67%
Europe Luxembourg
67%
North America Panama
62%
Asia Israel
57%
Europe Serbia
57%
No matching quizzes found
Score Distribution
Percent of People with Each Score
Percentile by Number Answered
Your Score History
You have not taken this quiz since the last reset